• 首页
  • 本馆介绍
  • 公告通知
  • 最新文献
  • 馆藏检索
  • 电子资源
  • 读者导购
  • 参考咨询
  • 我的图书馆
  • 登录
  • 详细信息显示
  • 放入我的书架
  • 预约/预借图书
  • 作者相关作品
  • 分类相关作品
  • 丛书相关作品
  • 出版社相关作品

书目信息

  • 表格格式
  • 工作单格式
  • 卡片格式
题名:
县域体育公共服务与市场服务的体制机制研究
    
 
作者: 郑旗, 著
分册:  
出版信息: 北京   人民出版社  2018
页数: 404页
开本: 23cm
丛书名:
单 册:
中图分类: G812.4 , G812
科图分类:
主题词: 县--xian--群众体育--公共服务--研究--中国 , 县--xian--群众体育--市场管理--研究--中国
电子资源:
ISBN: 978-7-01-020111-5
000 01301nam0 2200301 450
001 012001003581
005 20131013154516.0
010    @a978-7-01-020111-5@dCNY88.00
099    @aCAL 012019073843
100    @a20190429d2018 em y0chiy50 ea
101 0  @achi
102    @aCN@b110000
105    @aak a 000yy
106    @ar
200 1  @a县域体育公共服务与市场服务的体制机制研究@Axian yu ti yu gong gong fu wu yu shi chang fu wu de ti zhi ji zhi yan jiu@f郑旗著
210    @a北京@c人民出版社@d2018
215    @a404页@c图@d23cm
300    @a国家社会科学基金一般项目: “县域体育公共服务与市场服务的体制机制研究”(批准号: 12BTY033)
314    @a郑旗, 1964年生, 教授, 现任山西师范大学党委委员、体育学院院长, 体育学硕士一级学科学位点负责人, 《体育研究与教育》杂志编委会副主任。
320    @a有书目 (第338-364页)
330    @a本书建立了县域体育公共服务的理论分析框架和视域, 并体现出理论与实践需求互动、规范与实证研究结合、借鉴比较与多学科协同研究的特点, 主要包括理论基础、现状调研、体制机制建构、核心议题讨论等四个部分。
606 0  @a县@Axian@x群众体育@x公共服务@x研究@y中国
606 0  @a县@Axian@x群众体育@x市场管理@x研究@y中国
690    @aG812.4@v5
690    @aG812@v5
701  0 @a郑旗,@Azheng qi@f1964-@4著
801    @b江苏凤凰@c20191020
905    @b1233315-20@dG812.4@e123@f6
    
    县域体育公共服务与市场服务的体制机制研究/郑旗著.-北京:人民出版社,2018
    404页:图;23cm
    国家社会科学基金一般项目: “县域体育公共服务与市场服务的体制机制研究”(批准号: 12BTY033)
    
    ISBN 978-7-01-020111-5:CNY88.00
    本书建立了县域体育公共服务的理论分析框架和视域, 并体现出理论与实践需求互动、规范与实证研究结合、借鉴比较与多学科协同研究的特点, 主要包括理论基础、现状调研、体制机制建构、核心议题讨论等四个部分。
●
相关链接 在E读中查询图书 在五车中查询图书 在当当中查询图书 在豆瓣中查询图书


正题名:县域体育公共服务与市场服务的体制机制研究     索取号:G812.4/123         预约/预借

序号 登录号 条形码 馆藏地/架位号 状态 备注
1 1233315   212333152   第一样本阅览室/ [索取号:G812.4/123] 在馆    
2 1233316   212333161   第四借阅区/ [索取号:G812.4/123] 在馆    
3 1233317   212333170   第四借阅区/ [索取号:G812.4/123] 在馆    
4 1233318   212333189   教育系资料室/ [索取号:G812.4/123] 在馆    
5 1233319   212333198   教育系资料室/ [索取号:G812.4/123] 在馆    
6 1233320   212333205   教育系资料室/ [索取号:G812.4/123] 在馆    
唐山师范学院图书馆 欢迎您!
大连网信软件有限公司© 版权所有